Ayudas y préstamos de la Comunidad Europea

Gespeichert in:
Bibliographische Detailangaben
Körperschaft: Comisión de las Comunidades Europeas
Format: Text
Veröffentlicht: s.l.: CEE
Ausgabe:3
Tags: Tag hinzufügen
Keine Tags, Fügen Sie den ersten Tag hinzu!

MARC

LEADER 00000 a a2200000 04500
001 23075
003
040
020 |a 92-825-5620-4  
090 |a 159100  
110 |a Comisión de las Comunidades Europeas  
245 |a Ayudas y préstamos de la Comunidad Europea  
250 |a 3  
260 |a s.l.:   |b CEE  
300 |a 136 p.   |b **no definido**  
999 |c 14245  |d 14245